Statistics for Anatomical Directions

Click here to take the quiz!

General Stats

  • This quiz has been taken 492 times
  • The average score is 7 of 10

Answer Stats

MeaningAnswer% Correct
Front, front ofAnterior
91%
Back, back ofPosterior
90%
Toward the midline of the bodyMedial
72%
Away from or farthest from the trunk, farthest from the point of originDistal
71%
Toward the head, upper, aboveSuperior
71%
Away from the midline of the bodyLateral
69%
Toward the feet, lower, belowInferior
68%
Toward or nearest the trunk of the body, nearest the point of originProximal
68%
Nearer the surfaceSuperficial
55%
Farther away from the body surfaceDeep
54%

Score Distribution

Percentile by Number Answered

Percent of People with Each Score

Your Score History

You have not taken this quiz